00425cam a22000977a 4500008004000000082001700040245015300057260005000210300000900260700005800269180718b1967 xxu||||| |||| 00| 0 eng d aK232x42 Un3l aPay of chief and senior officers in local government service and in greator London councilcby National Borad for Prices and Incomes, United Kingdom aLondonbHer Majesty's Stationery Officec1967 a49p. aUnited Kingdom. National Borad for Prices and Incomes